000 00827nab a2200241 u 4500
001 09337
003 HDC
007 cr bn ---aaaaa
008 210201c2009 my dr|nes 0 a may d
040 _aHDC
100 _aAnwar Hussin
_eauthor
_99664
245 0 _aMihas Catat Jualan DuaHari RM333.36 j / oleh
_cAnwar Hussin
260 _aKuala Lumpur :
_bThe New Straits Times Press (M) Bhd.,
_c2009
336 _atext
_2rdacontent
337 _acomputer
_2rdamedia
338 _aonline resource
_2rdacarrier
650 _aHalal exhibition
_zMalaysia
_98935
650 _ahalal industry
_9144
856 _zRequest full-text at [email protected]
942 _2lcc
942 _cNEWS
942 _kNWSC 002451
999 _c6660
_d6660